[Event "SVR op"]
[Site "Lahnstein"]
[Date "2019.04.14"]
[Round "3"]
[White "Zimmer, Yevgenija"]
[Black "Schneider, Florian"]
[Result "0-1"]
[WhiteElo "1096"]
[BlackElo "908"]
[PlyCount "80"]
[EventDate "2019.04.13"]
[EventType "swiss"]
[EventRounds "7"]
[EventCountry "GER"]
[SourceTitle "EXT 2021"]
[Source "ChessBase"]
[SourceDate "2020.10.23"]
[SourceVersion "1"]
[SourceVersionDate "2020.10.23"]
[SourceQuality "1"]

1. e4 e5 2. Nf3 Nc6 3. d4 exd4 4. Nxd4 Bc5 5. c3 a5 6. a3 Nf6 7. f3 0-0 8. Be2 d6 9. Nd2 Nxd4 10. Bc4 Ne6 11. Nb3 Bb6 12. Nd4 c5 13. Nxe6 Bxe6 14. Bxe6 fxe6 15. c4 e5 16. b3 Qc7 17. 0-0 a4 18. Rb1 axb3 19. Rxb3 Qc6 20. Re1 Bc7 21. Bg5 Ra5 22. Qb1 b6 23. Qb2 Ra6 24. Rb1 h6 25. Bd2 Nh5 26. Rb5 Nf4 27. Be3 Ra5 28. Ra1 Rxb5 29. Qxb5 Qxb5 30. cxb5 Rc8 31. Kf2 c4 32. Rc1 Nd3+ 33. Ke2 Nxc1+ 34. Bxc1 Bd8 35. Kd2 Bg5+ 36. Kc2 Bxc1 37. Kxc1 Kf7 38. Kc2 Ke6 39. Kc3 d5 40. exd5+ Kxd5 0-1